书目信息 |
| 题名: |
3ds max 6标准教程
|
|
| 作者: | 黄心渊 主编 | |
| 分册: | ||
| 出版信息: | 北京 人民邮电出版社 2005 |
|
| 页数: | 239页 | |
| 开本: | 26cm | |
| 丛书名: | ||
| 单 册: | ||
| 中图分类: | TU204-39 | |
| 科图分类: | ||
| 主题词: | 三维--建筑制图--计算机辅助设计--教材 , 三维 , 建筑制图 , 计算机辅助设计 | |
| 电子资源: | ||
| ISBN: | 7-115-12896-0 | |
| 000 | 01206nam0 2200313 450 | |
| 001 | 002793698 | |
| 005 | 20070807163928.67 | |
| 010 | @a7-115-12896-0@dCNY29.00 | |
| 035 | @a002793698 | |
| 100 | @a20050104d2005 em y0chiy0110 ea | |
| 101 | 0 | @achi |
| 102 | @aCN@b110000 | |
| 105 | @ay z 000yy | |
| 106 | @ar | |
| 200 | 1 | @a3ds max 6标准教程@A3ds max 6 biao zhun jiao cheng@e建筑效果可视化设计@Ejian zhu xiao guo ke shi hua she ji@f黄心渊主编@Fhuang xin yuan zhu bian |
| 210 | @a北京@c人民邮电出版社@d2005 | |
| 215 | @a239页@d26cm@e光盘1片 | |
| 300 | @aAutodesk多媒体分公司Discreet指定认证培训教材 | |
| 307 | @a附光盘:ISBN 7-89497-566-4 | |
| 330 | @a本书分13章,全面介绍了建筑室内效果图的制作过程。主要包括简单、复杂模型的建立、准确定位,常用建筑建模工具的使用,摄像机的使用,高级灯光的使用,基本材质以及新增建筑材质的综合运用、后期处理以及渲染输出等。 | |
| 517 | 1 | @a建筑效果可视化设计@Ajian zhu xiao guo ke shi hua she ji |
| 606 | 0 | @a三维@x建筑制图@x计算机辅助设计@j教材 |
| 606 | 0 | @a三维 |
| 606 | 0 | @a建筑制图 |
| 606 | 0 | @a计算机辅助设计 |
| 690 | @aTU204-39@v4 | |
| 701 | 0 | @a黄心渊@Ahuang xin yuan@f(1965~)@4主编 |
| 801 | 0 | @aCN@bNLC@c20070807 |
| 905 | @dTU204-39@e434@f2 | |
| 3ds max 6标准教程:建筑效果可视化设计/黄心渊主编.-北京:人民邮电出版社,2005 |
| 239页;26cm+光盘1片 |
| Autodesk多媒体分公司Discreet指定认证培训教材 |
| ISBN 7-115-12896-0:CNY29.00 |
| 本书分13章,全面介绍了建筑室内效果图的制作过程。主要包括简单、复杂模型的建立、准确定位,常用建筑建模工具的使用,摄像机的使用,高级灯光的使用,基本材质以及新增建筑材质的综合运用、后期处理以及渲染输出等。 |
| ● |
| 相关链接 |
|
|
|
|
正题名:3ds max 6标准教程
索取号:TU204-39/434
 
预约/预借
| 序号 | 登录号 | 条形码 | 馆藏地/架位号 | 状态 | 备注 |
| 1 | 0853964 | 208539642 | 第二样本阅览室/ [索取号:TU204-39/434] | 在馆 | |
| 2 | 0853965 | 208539651 | 第三借阅区/ [索取号:TU204-39/434] | 在馆 |